Xác định nhu cầu sử dụng năng lượng không tái tạo của 30 hộ dân ở ấp Mỹ Phụng (xã Mỹ Khánh, huyện Phong Điền, Thành phố Cần Thơ) : Luận văn tốt nghiệp đại học chuyên ngành Khoa học Môi trường

Đề tài nghiên cứu tính lượng khí cacbonic thải vào môi trường khi người dân sử dụng năng lượng không tái tạo từ đó có thể tìm nguồn năng lượng thay thế ít ô nhiễm môi trường hơn.

Đã lưu trong:
書目詳細資料
主要作者: Dương, Minh Thư
格式: 圖書
語言:Undetermined
出版: Cần Thơ Trường Đại học Cần Thơ 2010
主題:
標簽: 添加標簽
沒有標簽, 成為第一個標記此記錄!
Thư viện lưu trữ: Trung tâm Học liệu Trường Đại học Cần Thơ
LEADER 01318nam a2200205Ia 4500
001 CTU_164649
008 210402s9999 xx 000 0 und d
082 |a 333.79 
082 |b Th550 
100 |a Dương, Minh Thư 
245 0 |a Xác định nhu cầu sử dụng năng lượng không tái tạo của 30 hộ dân ở ấp Mỹ Phụng (xã Mỹ Khánh, huyện Phong Điền, Thành phố Cần Thơ) : 
245 0 |b Luận văn tốt nghiệp đại học chuyên ngành Khoa học Môi trường 
245 0 |c Dương Minh Thư ; Nguyễn Hữu Chiếm, Nguyễn Thị Như Ngọc (Cán bộ hướng dẫn) 
260 |a Cần Thơ 
260 |b Trường Đại học Cần Thơ 
260 |c 2010 
520 |a Đề tài nghiên cứu tính lượng khí cacbonic thải vào môi trường khi người dân sử dụng năng lượng không tái tạo từ đó có thể tìm nguồn năng lượng thay thế ít ô nhiễm môi trường hơn. 
650 |a Air pollution,Environment protection,Energy,Ô nhiễm không khí,Bảo vệ môi trường,Năng lượng 
904 |i Bạch Trúc 
980 |a Trung tâm Học liệu Trường Đại học Cần Thơ